[Event "-chT Youth Countries 2019"]
[Site "Wuerzburg"]
[Date "2019.10.04"]
[Round "5.1"]
[White "Svane, Frederik"]
[Black "Roseneck, Jonas"]
[Result "1/2-1/2"]
[WhiteElo "2360"]
[BlackElo "2402"]
[Annotator "NA"]
[PlyCount "51"]
[EventDate "2019.10.02"]
[EventType "team-tourn"]
[EventRounds "7"]
[EventCountry "GER"]
[SourceTitle "playchess.com"]
[Source "ChessBase"]
[SourceQuality "1"]
[WhiteTeam "Schleswig-Holstein"]
[BlackTeam "Sachsen-Anhalt"]
[TimeControl "40/5400+30:1800+30"]

1. e4 {[%emt 0:00:00]} c5 {[%emt 0:00:00]} 2. c3 {[%emt 0:00:00]} Nf6 {[%emt 0:00:00]} 3. e5 {[%emt 0:00:00]} Nd5 {[%emt 0:00:00]} 4. Nf3 {[%emt 0:00:00]} e6 {[%emt 0:01:40]} 5. d4 {[%emt 0:02:29]} cxd4 {[%emt 0:00:09]} 6. cxd4 {[%emt 0:00:06]} d6 {[%emt 0:00:03]} 7. Bc4 {[%emt 0:00:35]} Be7 {[%emt 0:00:05]} 8. O-O {[%emt 0:00:12]} O-O {[%emt 0:00:01]} 9. Qe2 {[%emt 0:00:13]} b6 {[%emt 0:00:02]} 10. Nc3 {[%emt 0:02:59]} Nxc3 {[%emt 0:10:54]} 11. bxc3 {[%emt 0:00:36]} Bb7 {[%emt 0:10:07]} 12. Bf4 {[%emt 0:11:50]} Nc6 {[%emt 0:18:28]} 13. Bd3 {[%emt 0:10:22]} dxe5 {[%emt 0:06:37]} 14. dxe5 {[%emt 0:00:55]} Na5 {[%emt 0:00:20]} 15. Rad1 {[%emt 0:11:18]} Qc7 {[%emt 0:01:58]} 16. Ng5 {[%emt 0:03:05]} h6 {[%emt 0:11:27]} 17. Ne4 {[%emt 0:21:19]} Rfd8 {[%emt 0:02:33]} 18. Qg4 {[%emt 0:02:13]} Bxe4 {[%emt 0:02:49]} 19. Bxe4 {[%emt 0:00:42]} Rxd1 {[%emt 0:00:08]} 20. Rxd1 {[%emt 0:01:15]} Rd8 {[%emt 0:00:31]} 21. Rxd8+ {[%emt 0:12:09]} Bxd8 {[%emt 0:00:01]} 22. Bxh6 {[%emt 0:03:18]} Qxe5 {[%emt 0:00:44]} 23. Bd2 {[%emt 0:01:32]} Bc7 {[%emt 0:14:50]} 24. g3 {[%emt 0:04:03]} f5 {[%emt 0:07:26]} 25. Qg6 {[%emt 0:00:08]} Qxe4 {[%emt 0:03:06]} 26. Qe8+ {[%emt 0:00:08] normal} 1/2-1/2

[Event "-chT Youth Countries 2019"]
[Site "Wuerzburg"]
[Date "2019.10.04"]
[Round "5.1"]
[White "Färber, David"]
[Black "Fromm, Marius"]
[Result "1/2-1/2"]
[WhiteElo "2332"]
[BlackElo "2124"]
[Annotator "NA"]
[PlyCount "43"]
[EventDate "2019.10.02"]
[EventType "team-tourn"]
[EventRounds "7"]
[EventCountry "GER"]
[SourceTitle "playchess.com"]
[Source "ChessBase"]
[SourceQuality "1"]
[WhiteTeam "Baden 2"]
[BlackTeam "Mecklenburg-Vorpommern"]
[TimeControl "40/5400+30:1800+30"]

1. d4 {[%emt 0:00:00]} Nf6 {[%emt 0:00:00]} 2. Nf3 {[%emt 0:00:00]} d5 {[%emt 0:00:10]} 3. Bf4 {[%emt 0:00:00]} c5 {[%emt 0:00:15]} 4. e3 {[%emt 0:00:00]} Nc6 {[%emt 0:00:26]} 5. Nbd2 {[%emt 0:00:01]} e6 {[%emt 0:07:34]} 6. c3 {[%emt 0:00:21]} Bd6 {[%emt 0:02:06]} 7. Bg3 {[%emt 0:00:07]} O-O {[%emt 0:00:10]} 8. Bd3 {[%emt 0:00:04]} b6 {[%emt 0:00:47]} 9. Qe2 {[%emt 0:00:06]} Bb7 {[%emt 0:00:33]} 10. Rd1 {[%emt 0:00:08]} Ne7 {[%emt 0:08:23]} 11. e4 {[%emt 0:04:57]} c4 {[%emt 0:14:36]} 12. Bc2 {[%emt 0:08:57]} dxe4 {[%emt 0:00:26]} 13. Ng5 {[%emt 0:09:54]} b5 {[%emt 0:05:44]} 14. Ndxe4 {[%emt 0:01:35]} Nxe4 {[%emt 0:00:50]} 15. Nxe4 {[%emt 0:00:45]} Bxe4 {[%emt 0:02:10]} 16. Qxe4 {[%emt 0:02:22]} g6 {[%emt 0:00:35]} 17. O-O {[%emt 0:03:07]} Nd5 {[%emt 0:03:02]} 18. Rc1 {[%emt 0:12:22]} Qd7 {[%emt 0:09:13]} 19. Qe2 {[%emt 0:00:56]} Rfc8 {[%emt 0:00:47]} 20. Be4 {[%emt 0:00:21]} Rab8 {[%emt 0:00:56]} 21. Rfe1 {[%emt 0:03:14]} Bxg3 {[%emt 0:03:52]} 22. hxg3 {[%emt 0:06:24] normal} 1/2-1/2

[Event "-chT Youth Countries 2019"]
[Site "Wuerzburg"]
[Date "2019.10.04"]
[Round "5.1"]
[White "Herbrig, Alexander"]
[Black "Vuckovic, Zarko"]
[Result "1-0"]
[WhiteElo "2295"]
[BlackElo "2253"]
[Annotator "NA"]
[PlyCount "100"]
[EventDate "2019.10.02"]
[EventType "team-tourn"]
[EventRounds "7"]
[EventCountry "GER"]
[SourceTitle "playchess.com"]
[Source "ChessBase"]
[SourceQuality "1"]
[WhiteTeam "Sachsen"]
[BlackTeam "Bayern 1"]
[TimeControl "40/5400+30:1800+30"]

1. c4 {[%emt 0:00:00]} e5 {[%emt 0:00:00]} 2. Nc3 {[%emt 0:00:00]} Nc6 {[%emt 0:00:22]} 3. Nf3 {[%emt 0:00:00]} f5 {[%emt 0:00:03]} 4. d4 {[%emt 0:00:53]} e4 {[%emt 0:00:08]} 5. d5 {[%emt 0:03:44]} exf3 {[%emt 0:02:18]} 6. dxc6 {[%emt 0:00:07]} dxc6 {[%emt 0:00:02]} 7. Qxd8+ {[%emt 0:00:43]} Kxd8 {[%emt 0:00:02]} 8. gxf3 {[%emt 0:03:15]} Be6 {[%emt 0:00:18]} 9. Bg5+ {[%emt 0:04:15]} Be7 {[%emt 0:03:00]} 10. O-O-O+ {[%emt 0:00:25]} Ke8 {[%emt 0:00:03]} 11. Bxe7 {[%emt 0:03:00]} Nxe7 {[%emt 0:01:28]} 12. e3 {[%emt 0:01:20]} Kf7 {[%emt 0:02:30]} 13. f4 {[%emt 0:09:38]} Rad8 {[%emt 0:02:05]} 14. Bd3 {[%emt 0:01:27]} h6 {[%emt 0:09:23]} 15. h4 {[%emt 0:03:12]} Rd6 {[%emt 0:01:15]} 16. Kc2 {[%emt 0:01:49]} Bc8 {[%emt 0:06:35]} 17. Ne2 {[%emt 0:05:32]} c5 {[%emt 0:01:32]} 18. Ng1 {[%emt 0:05:26]} Nc6 {[%emt 0:01:01]} 19. a3 {[%emt 0:01:07]} Be6 {[%emt 0:01:25]} 20. Nf3 {[%emt 0:02:32]} Kf6 {[%emt 0:03:43]} 21. Rhg1 {[%emt 0:05:14]} Bf7 {[%emt 0:05:26]} 22. Rd2 {[%emt 0:22:01]} Rhd8 {[%emt 0:09:14]} 23. Kc3 {[%emt 0:01:49]} Bh5 {[%emt 0:06:41]} 24. Ne1 {[%emt 0:01:47]} a5 {[%emt 0:01:14]} 25. f3 {[%emt 0:05:06]} Re6 {[%emt 0:01:45]} 26. e4 {[%emt 0:01:06]} Nd4 {[%emt 0:00:18]} 27. e5+ {[%emt 0:02:41]} Kf7 {[%emt 0:00:01]} 28. Bxf5 {[%emt 0:00:42]} Rb6 {[%emt 0:03:03]} 29. Bc2 {[%emt 0:00:13]} Re8 {[%emt 0:00:38]} 30. Bd1 {[%emt 0:00:29]} Rg6 {[%emt 0:07:37]} 31. Rxg6 {[%emt 0:03:29]} Kxg6 {[%emt 0:01:56]} 32. Rg2+ {[%emt 0:00:32]} Kf7 {[%emt 0:05:31]} 33. Bc2 {[%emt 0:01:05]} Ne6 {[%emt 0:01:52]} 34. Nd3 {[%emt 0:05:18]} Bg6 {[%emt 0:00:24]} 35. Nxc5 {[%emt 0:01:05]} Nxf4 {[%emt 0:00:06]} 36. Bxg6+ {[%emt 0:03:39]} Nxg6 {[%emt 0:00:02]} 37. e6+ {[%emt 0:00:32]} Kf6 {[%emt 0:00:01]} 38. Ne4+ {[%emt 0:01:37]} Kf5 {[%emt 0:00:01]} 39. h5 {[%emt 0:01:16]} Ne5 {[%emt 0:00:25]} 40. Rxg7 {[%emt 0:01:14]} Rxe6 {[%emt 0:02:59]} 41. Ng3+ {[%emt 0:02:42]} Kf6 {[%emt 0:02:52]} 42. Rxc7 {[%emt 0:02:16]} Nxf3 {[%emt 0:00:01]} 43. Kd3 {[%emt 0:04:22]} Rb6 {[%emt 0:04:12]} 44. Ne4+ {[%emt 0:02:09]} Ke5 {[%emt 0:00:58]} 45. Re7+ {[%emt 0:03:17]} Kf4 {[%emt 0:00:01]} 46. Kc3 {[%emt 0:04:14]} Ne5 {[%emt 0:01:52]} 47. Nc5 {[%emt 0:02:49]} Rc6 {[%emt 0:00:08]} 48. Ne6+ {[%emt 0:00:24]} Ke4 {[%emt 0:00:01]} 49. b3 {[%emt 0:00:33]} a4 {[%emt 0:00:10]} 50. Nd8 {[%emt 0:02:17]} Rf6 {[%emt 0:00:20] normal} 1-0

[Event "-chT Youth Countries 2019"]
[Site "Wuerzburg"]
[Date "2019.10.04"]
[Round "5.1"]
[White "Browning, Alex"]
[Black "Lagunow, Raphael"]
[Result "0-1"]
[WhiteElo "2291"]
[BlackElo "2438"]
[Annotator "NA"]
[PlyCount "94"]
[EventDate "2019.10.02"]
[EventType "team-tourn"]
[EventRounds "7"]
[EventCountry "GER"]
[SourceTitle "playchess.com"]
[Source "ChessBase"]
[SourceQuality "1"]
[WhiteTeam "Nordrhein-Westfalen"]
[BlackTeam "Berlin"]
[TimeControl "40/5400+30:1800+30"]

1. Nf3 {[%emt 0:00:00]} Nf6 {[%emt 0:00:00]} 2. c4 {[%emt 0:00:00]} e6 {[%emt 0:00:00]} 3. g3 {[%emt 0:00:00]} d5 {[%emt 0:00:00]} 4. Bg2 {[%emt 0:00:02]} dxc4 {[%emt 0:04:54]} 5. O-O {[%emt 0:00:39]} a6 {[%emt 0:03:10]} 6. a4 {[%emt 0:01:44]} Nc6 {[%emt 0:06:08]} 7. b3 {[%emt 0:04:42]} cxb3 {[%emt 0:04:22]} 8. d4 {[%emt 0:02:31]} a5 {[%emt 0:04:08]} 9. Qxb3 {[%emt 0:02:45]} Bb4 {[%emt 0:17:08]} 10. Rd1 {[%emt 0:01:53]} O-O {[%emt 0:00:09]} 11. Nc3 {[%emt 0:06:53]} Qe7 {[%emt 0:09:42]} 12. Bb2 {[%emt 0:09:10]} Bd7 {[%emt 0:10:09]} 13. Rac1 {[%emt 0:12:14]} Rfc8 {[%emt 0:02:08]} 14. Qc2 {[%emt 0:10:44]} Bxc3 {[%emt 0:11:10]} 15. Bxc3 {[%emt 0:00:33]} Nb4 {[%emt 0:00:14]} 16. Qb3 {[%emt 0:01:16]} Bc6 {[%emt 0:03:44]} 17. Bd2 {[%emt 0:09:06]} Bd5 {[%emt 0:01:58]} 18. Qb2 {[%emt 0:00:40]} b6 {[%emt 0:01:34]} 19. Bg5 {[%emt 0:01:50]} c5 {[%emt 0:03:30]} 20. dxc5 {[%emt 0:03:09]} bxc5 {[%emt 0:04:50]} 21. Ne5 {[%emt 0:06:56]} h6 {[%emt 0:01:38]} 22. Bxf6 {[%emt 0:00:54]} Qxf6 {[%emt 0:00:05]} 23. e4 {[%emt 0:00:44]} Bc6 {[%emt 0:01:23]} 24. Qa1 {[%emt 0:00:29]} Bxa4 {[%emt 0:01:46]} 25. Rd2 {[%emt 0:01:18]} Bb5 {[%emt 0:00:38]} 26. f4 {[%emt 0:00:25]} a4 {[%emt 0:01:34]} 27. Qa3 {[%emt 0:00:53]} Rd8 {[%emt 0:00:15]} 28. Rf2 {[%emt 0:02:00]} Rac8 {[%emt 0:00:47]} 29. Bf1 {[%emt 0:00:27]} Bxf1 {[%emt 0:01:29]} 30. Kxf1 {[%emt 0:00:07]} Rd4 {[%emt 0:00:14]} 31. Qxa4 {[%emt 0:00:51]} Rxe4 {[%emt 0:00:33]} 32. Rxc5 {[%emt 0:00:08]} Rd8 {[%emt 0:05:57]} 33. Nc6 {[%emt 0:01:34]} Nd3 {[%emt 0:00:09]} 34. Qxe4 {[%emt 0:01:52]} Nxc5 {[%emt 0:00:01]} 35. Qc4 {[%emt 0:02:28]} Rd5 {[%emt 0:01:24]} 36. Re2 {[%emt 0:01:09]} Kh7 {[%emt 0:00:31]} 37. Ne5 {[%emt 0:01:01]} Qf5 {[%emt 0:00:36]} 38. Kg2 {[%emt 0:00:47]} h5 {[%emt 0:00:29]} 39. Nf3 {[%emt 0:00:13]} Qd3 {[%emt 0:00:31]} 40. Qa2 {[%emt 0:01:22]} f6 {[%emt 0:00:14]} 41. Rb2 {[%emt 0:32:22]} Qf5 {[%emt 0:07:55]} 42. Qa8 {[%emt 0:00:00]} Qe4 {[%emt 0:03:16]} 43. Rb8 {[%emt 0:00:00]} Qe2+ {[%emt 0:03:48]} 44. Kh3 Qxf3 {[%emt 0:01:14]} 45. Rh8+ {[%emt 0:00:00]} Kg6 {[%emt 0:00:04]} 46. Qe8+ {[%emt 0:00:00]} Kf5 {[%emt 0:00:03]} 47. Rxh5+ {[%emt 0:00:00]} g5 {[%emt 0:01:22] normal} 0-1

[Event "-chT Youth Countries 2019"]
[Site "Wuerzburg"]
[Date "2019.10.04"]
[Round "5.1"]
[White "Hoffmann, Sebastian"]
[Black "Polster, Christian"]
[Result "1-0"]
[WhiteElo "2187"]
[BlackElo "2279"]
[Annotator "NA"]
[PlyCount "75"]
[EventDate "2019.10.02"]
[EventType "team-tourn"]
[EventRounds "7"]
[EventCountry "GER"]
[SourceTitle "playchess.com"]
[Source "ChessBase"]
[SourceQuality "1"]
[WhiteTeam "Bayern 2"]
[BlackTeam "Niedersachsen"]
[TimeControl "40/5400+30:1800+30"]

1. e4 {[%emt 0:00:00]} c5 {[%emt 0:00:00]} 2. c3 {[%emt 0:00:00]} Nf6 {[%emt 0:00:54]} 3. e5 {[%emt 0:00:00]} Nd5 {[%emt 0:00:07]} 4. d4 {[%emt 0:00:00]} cxd4 {[%emt 0:00:23]} 5. Nf3 {[%emt 0:00:00]} d6 {[%emt 0:01:53]} 6. cxd4 {[%emt 0:00:48]} Nc6 {[%emt 0:02:25]} 7. Bc4 {[%emt 0:00:25]} Nb6 {[%emt 0:04:10]} 8. Bb5 {[%emt 0:00:06]} Bd7 {[%emt 0:07:30]} 9. exd6 {[%emt 0:03:05]} e6 {[%emt 0:02:29]} 10. Nc3 {[%emt 0:04:49]} a6 {[%emt 0:03:20]} 11. Bd3 {[%emt 0:01:54]} Bxd6 {[%emt 0:03:47]} 12. a3 {[%emt 0:00:45]} Ne7 {[%emt 0:14:11]} 13. Ne4 {[%emt 0:06:24]} Bc7 {[%emt 0:04:18]} 14. Ne5 {[%emt 0:07:15]} Ng6 {[%emt 0:11:22]} 15. Nxd7 {[%emt 0:26:57]} Nxd7 {[%emt 0:08:44]} 16. O-O {[%emt 0:03:18]} O-O {[%emt 0:04:02]} 17. Bg5 {[%emt 0:02:32]} Qb8 {[%emt 0:01:40]} 18. Qh5 {[%emt 0:01:24]} Bf4 {[%emt 0:08:01]} 19. g3 {[%emt 0:02:25]} Bxg5 {[%emt 0:02:00]} 20. Qxg5 {[%emt 0:00:42]} Qd8 {[%emt 0:01:10]} 21. Rac1 {[%emt 0:05:22]} Qxg5 {[%emt 0:12:07]} 22. Nxg5 {[%emt 0:00:02]} Nf6 {[%emt 0:00:37]} 23. Rc7 {[%emt 0:01:55]} Rab8 {[%emt 0:00:33]} 24. Rfc1 {[%emt 0:02:50]} Nd5 {[%emt 0:01:50]} 25. Rd7 {[%emt 0:03:27]} Nf6 {[%emt 0:00:28]} 26. Rdc7 {[%emt 0:00:42]} Nd5 {[%emt 0:00:12]} 27. R7c5 {[%emt 0:03:25]} Rfd8 {[%emt 0:02:42]} 28. Be4 {[%emt 0:00:23]} Nf6 {[%emt 0:02:16]} 29. Bxg6 {[%emt 0:02:38]} hxg6 {[%emt 0:00:30]} 30. Rc7 {[%emt 0:01:15]} Nd7 {[%emt 0:00:40]} 31. R1c3 {[%emt 0:04:17]} Kf8 {[%emt 0:00:31]} 32. Rf3 {[%emt 0:00:37]} Nf6 {[%emt 0:00:32]} 33. Rxf7+ {[%emt 0:01:15]} Kg8 {[%emt 0:00:05]} 34. Re7 {[%emt 0:00:48]} Rxd4 {[%emt 0:00:41]} 35. Rxg7+ {[%emt 0:03:08]} Kh8 {[%emt 0:00:38]} 36. Rxg6 {[%emt 0:01:32]} Ng4 {[%emt 0:00:38]} 37. Rf7 {[%emt 0:00:44]} Ne5 {[%emt 0:00:27]} 38. Rh7# {normal} 1-0

[Event "-chT Youth Countries 2019"]
[Site "Wuerzburg"]
[Date "2019.10.04"]
[Round "5.1"]
[White "Degenhard, Simon"]
[Black "Tiarks, Jann-Christian"]
[Result "1/2-1/2"]
[WhiteElo "2084"]
[BlackElo "2178"]
[Annotator "NA"]
[PlyCount "43"]
[EventDate "2019.10.02"]
[EventType "team-tourn"]
[EventRounds "7"]
[EventCountry "GER"]
[SourceTitle "playchess.com"]
[Source "ChessBase"]
[SourceQuality "1"]
[WhiteTeam "Württemberg"]
[BlackTeam "Brandenburg/Berlin"]
[TimeControl "40/5400+30:1800+30"]

1. e4 {[%emt 0:00:00]} c6 {[%emt 0:00:00]} 2. c4 {[%emt 0:00:09]} d5 {[%emt 0:02:09]} 3. exd5 {[%emt 0:00:06]} Nf6 {[%emt 0:00:05]} 4. Nc3 {[%emt 0:00:25]} cxd5 {[%emt 0:01:58]} 5. cxd5 {[%emt 0:00:11]} Nxd5 {[%emt 0:00:09]} 6. Nf3 {[%emt 0:00:11]} e6 {[%emt 0:00:37]} 7. d4 {[%emt 0:00:14]} Be7 {[%emt 0:00:43]} 8. Bd3 {[%emt 0:00:24]} Nc6 {[%emt 0:00:27]} 9. a3 {[%emt 0:00:18]} O-O {[%emt 0:02:21]} 10. O-O {[%emt 0:06:46]} Nxc3 {[%emt 0:08:42]} 11. bxc3 {[%emt 0:00:11]} b6 {[%emt 0:00:05]} 12. Qe2 {[%emt 0:05:15]} Bb7 {[%emt 0:01:13]} 13. Re1 {[%emt 0:04:18]} Rc8 {[%emt 0:02:16]} 14. Qe4 {[%emt 0:15:21]} g6 {[%emt 0:01:09]} 15. Bh6 {[%emt 0:00:25]} Re8 {[%emt 0:00:28]} 16. Qe3 {[%emt 0:03:08]} Bf6 {[%emt 0:05:40]} 17. Qf4 {[%emt 0:07:36]} Bg7 {[%emt 0:03:41]} 18. Bxg7 {[%emt 0:03:06]} Kxg7 {[%emt 0:00:06]} 19. Ng5 {[%emt 0:03:48]} Qc7 {[%emt 0:02:25]} 20. Qh4 {[%emt 0:08:56]} h6 {[%emt 0:02:04]} 21. Ne4 {[%emt 0:00:30]} Ne7 {[%emt 0:03:47]} 22. Nf6 {[%emt 0:07:32] normal} 1/2-1/2

[Event "-chT Youth Countries 2019"]
[Site "Wuerzburg"]
[Date "2019.10.04"]
[Round "5.2"]
[White "Schmidek, Emil"]
[Black "Niermann, Tristan"]
[Result "1-0"]
[WhiteElo "2387"]
[BlackElo "2227"]
[Annotator "NA"]
[PlyCount "113"]
[EventDate "2019.10.02"]
[EventType "team-tourn"]
[EventRounds "7"]
[EventCountry "GER"]
[SourceTitle "playchess.com"]
[Source "ChessBase"]
[SourceQuality "1"]
[WhiteTeam "SF Berlin"]
[BlackTeam "Nordrhein-Westfalen"]
[TimeControl "40/5400+30:1800+30"]

1. e4 {[%emt 0:00:00]} e5 {[%emt 0:00:00]} 2. Nf3 {[%emt 0:00:00]} Nc6 {[%emt 0:00:00]} 3. Bb5 {[%emt 0:00:00]} a6 {[%emt 0:00:00]} 4. Ba4 {[%emt 0:00:00]} Nf6 {[%emt 0:00:00]} 5. d3 {[%emt 0:00:00]} d6 {[%emt 0:00:00]} 6. c3 {[%emt 0:01:57]} g6 {[%emt 0:00:14]} 7. d4 {[%emt 0:04:05]} exd4 {[%emt 0:06:03]} 8. cxd4 {[%emt 0:02:43]} Bg7 {[%emt 0:05:52]} 9. O-O {[%emt 0:23:56]} O-O {[%emt 0:00:50]} 10. Bxc6 {[%emt 0:04:04]} bxc6 {[%emt 0:00:07]} 11. Qc2 {[%emt 0:03:16]} Re8 {[%emt 0:16:54]} 12. e5 {[%emt 0:14:53]} Bf5 {[%emt 0:06:55]} 13. Qxc6 {[%emt 0:08:14]} Be4 {[%emt 0:04:44]} 14. Qa4 {[%emt 0:00:48]} Ng4 {[%emt 0:06:06]} 15. Ng5 {[%emt 0:10:23]} Bxb1 {[%emt 0:09:27]} 16. Rxb1 {[%emt 0:00:37]} dxe5 {[%emt 0:06:40]} 17. h3 {[%emt 0:01:07]} Nf6 {[%emt 0:04:20]} 18. dxe5 {[%emt 0:01:11]} Rxe5 {[%emt 0:01:32]} 19. Bf4 {[%emt 0:07:59]} Rd5 {[%emt 0:06:12]} 20. Rbd1 {[%emt 0:06:07]} Rb8 {[%emt 0:07:18]} 21. Be5 {[%emt 0:01:16]} Qe8 {[%emt 0:05:53]} 22. Qxe8+ {[%emt 0:01:32]} Rxe8 {[%emt 0:01:14]} 23. Rxd5 {[%emt 0:00:20]} Nxd5 {[%emt 0:00:06]} 24. Bxg7 {[%emt 0:00:04]} Kxg7 {[%emt 0:00:04]} 25. Rd1 {[%emt 0:00:49]} c6 {[%emt 0:01:17]} 26. Kf1 {[%emt 0:00:33]} Rb8 {[%emt 0:02:48]} 27. Rd2 {[%emt 0:01:19]} Rb5 {[%emt 0:01:39]} 28. Nf3 {[%emt 0:02:00]} Rc5 {[%emt 0:01:07]} 29. g3 {[%emt 0:00:50]} Kf6 {[%emt 0:01:53]} 30. Ke2 {[%emt 0:01:10]} a5 {[%emt 0:01:22]} 31. Nd4 {[%emt 0:02:03]} Ke5 {[%emt 0:02:15]} 32. Nf3+ {[%emt 0:01:09]} Kf6 {[%emt 0:00:10]} 33. Ne1 {[%emt 0:00:29]} Nb4 {[%emt 0:01:30]} 34. a3 {[%emt 0:00:20]} Nd5 {[%emt 0:01:36]} 35. Rc2 {[%emt 0:01:44]} Rxc2+ {[%emt 0:00:34]} 36. Nxc2 {[%emt 0:00:01]} Ke5 {[%emt 0:00:22]} 37. Kd3 {[%emt 0:00:06]} Nb6 {[%emt 0:00:42]} 38. Ne3 {[%emt 0:00:14]} Na4 {[%emt 0:00:36]} 39. f4+ {[%emt 0:01:38]} Kd6 {[%emt 0:00:22]} 40. Nc4+ {[%emt 0:00:27]} Kd5 {[%emt 0:00:38]} 41. b4 {[%emt 0:04:44]} axb4 {[%emt 0:04:05]} 42. axb4 {[%emt 0:00:01]} f5 {[%emt 0:12:58]} 43. h4 {[%emt 0:06:07]} h5 {[%emt 0:00:18]} 44. Ne5 {[%emt 0:04:59]} Nb2+ {[%emt 0:06:59]} 45. Ke2 {[%emt 0:07:02]} c5 {[%emt 0:02:14]} 46. b5 {[%emt 0:00:32]} c4 {[%emt 0:03:01]} 47. b6 {[%emt 0:03:46]} Kd6 {[%emt 0:00:03]} 48. Kd2 {[%emt 0:04:42]} c3+ {[%emt 0:01:38]} 49. Kc2 {[%emt 0:00:01]} Na4 {[%emt 0:02:00]} 50. b7 {[%emt 0:00:08]} Kc7 {[%emt 0:00:04]} 51. Nxg6 {[%emt 0:00:08]} Kxb7 {[%emt 0:00:06]} 52. Ne7 {[%emt 0:00:24]} Kb6 {[%emt 0:00:49]} 53. Nxf5 {[%emt 0:00:11]} Kb5 {[%emt 0:00:34]} 54. g4 {[%emt 0:00:55]} hxg4 {[%emt 0:02:03]} 55. h5 {[%emt 0:00:11]} Nc5 {[%emt 0:00:23]} 56. h6 {[%emt 0:00:12]} g3 {[%emt 0:00:12]} 57. Nxg3 {[%emt 0:00:06] normal} 1-0

[Event "-chT Youth Countries 2019"]
[Site "Wuerzburg"]
[Date "2019.10.04"]
[Round "5.2"]
[White "Maetzkow, Maximilian Paul"]
[Black "Koelle, Tobias"]
[Result "1/2-1/2"]
[WhiteElo "2287"]
[BlackElo "2281"]
[Annotator "NA"]
[PlyCount "131"]
[EventDate "2019.10.02"]
[EventType "team-tourn"]
[EventRounds "7"]
[EventCountry "GER"]
[SourceTitle "playchess.com"]
[Source "ChessBase"]
[SourceQuality "1"]
[WhiteTeam "Brandenburg/Berlin"]
[BlackTeam "Württemberg"]
[TimeControl "40/5400+30:1800+30"]

1. d4 {[%emt 0:00:00]} Nf6 {[%emt 0:00:00]} 2. Nf3 {[%emt 0:00:00]} d5 {[%emt 0:00:00]} 3. e3 {[%emt 0:01:58]} e6 {[%emt 0:00:48]} 4. Bd3 {[%emt 0:00:24]} b6 {[%emt 0:00:54]} 5. b3 {[%emt 0:00:07]} Bb7 {[%emt 0:00:09]} 6. Bb2 {[%emt 0:00:09]} g6 {[%emt 0:00:57]} 7. O-O {[%emt 0:00:20]} Bg7 {[%emt 0:00:06]} 8. Nbd2 {[%emt 0:00:20]} O-O {[%emt 0:00:08]} 9. Ne5 {[%emt 0:01:41]} Nbd7 {[%emt 0:01:06]} 10. Ndf3 {[%emt 0:02:37]} Rc8 {[%emt 0:05:29]} 11. c4 {[%emt 0:07:55]} c5 {[%emt 0:04:52]} 12. Qe2 {[%emt 0:00:56]} Rc7 {[%emt 0:14:45]} 13. Rac1 {[%emt 0:05:18]} Qa8 {[%emt 0:02:46]} 14. cxd5 {[%emt 0:04:06]} Nxe5 {[%emt 0:10:21]} 15. Nxe5 {[%emt 0:07:44]} Bxd5 {[%emt 0:00:40]} 16. f3 {[%emt 0:03:38]} Rfc8 {[%emt 0:01:59]} 17. Ba6 {[%emt 0:03:11]} Bb7 {[%emt 0:00:50]} 18. Bxb7 {[%emt 0:00:20]} Qxb7 {[%emt 0:00:13]} 19. Nc4 {[%emt 0:00:46]} Qa6 {[%emt 0:07:45]} 20. dxc5 {[%emt 0:01:03]} Rxc5 {[%emt 0:00:31]} 21. Bd4 {[%emt 0:01:05]} R5c7 {[%emt 0:03:10]} 22. Qb2 {[%emt 0:00:53]} b5 {[%emt 0:08:25]} 23. Bxf6 {[%emt 0:01:16]} Bxf6 {[%emt 0:00:11]} 24. Qxf6 {[%emt 0:00:09]} bxc4 {[%emt 0:00:07]} 25. Rfd1 {[%emt 0:00:53]} Rf8 {[%emt 0:00:51]} 26. Rd8 {[%emt 0:04:50]} Rc8 {[%emt 0:00:32]} 27. Rxf8+ {[%emt 0:00:56]} Rxf8 {[%emt 0:02:39]} 28. bxc4 {[%emt 0:02:12]} Qxa2 {[%emt 0:00:13]} 29. h4 {[%emt 0:03:57]} h5 {[%emt 0:04:20]} 30. c5 {[%emt 0:01:44]} Qe2 {[%emt 0:03:33]} 31. Qc3 {[%emt 0:01:29]} Rd8 {[%emt 0:01:51]} 32. Re1 {[%emt 0:00:42]} Qd2 {[%emt 0:04:21]} 33. Qxd2 {[%emt 0:00:50]} Rxd2 {[%emt 0:00:06]} 34. Rc1 {[%emt 0:00:17]} Kf8 {[%emt 0:01:09]} 35. e4 {[%emt 0:00:59]} Ke7 {[%emt 0:02:30]} 36. Ra1 {[%emt 0:00:21]} Rd7 {[%emt 0:00:18]} 37. Kf2 {[%emt 0:00:05]} Rc7 {[%emt 0:00:59]} 38. Ra5 {[%emt 0:00:20]} e5 {[%emt 0:04:05]} 39. Ke3 {[%emt 0:00:28]} Rd7 {[%emt 0:00:20]} 40. g4 {[%emt 0:00:37]} f6 {[%emt 0:02:26]} 41. gxh5 {[%emt 0:30:47]} gxh5 {[%emt 0:30:01]} 42. f4 {[%emt 0:01:59]} Rc7 {[%emt 0:01:25]} 43. fxe5 {[%emt 0:06:30]} fxe5 {[%emt 0:00:04]} 44. Kd3 {[%emt 0:00:15]} Rd7+ {[%emt 0:00:50]} 45. Kc3 {[%emt 0:00:31]} Kd8 {[%emt 0:12:25]} 46. c6 {[%emt 0:02:10]} Rd6 {[%emt 0:00:00]} 47. Rxe5 {[%emt 0:00:00]} Rxc6+ {[%emt 0:00:00]} 48. Kd4 {[%emt 0:00:00]} Rh6 {[%emt 0:00:00]} 49. Ra5 {[%emt 0:00:00]} a6 {[%emt 0:00:00]} 50. Ke5 {[%emt 0:00:00]} Rg6 {[%emt 0:00:00]} 51. Kd4 {[%emt 0:00:00]} Rh6 {[%emt 0:00:00]} 52. Ke3 {[%emt 0:00:00]} Kc7 {[%emt 0:00:00]} 53. Kf4 {[%emt 0:00:00]} Kb6 {[%emt 0:00:00]} 54. Ra1 {[%emt 0:00:00]} Rg6 {[%emt 0:00:00]} 55. Kf5 {[%emt 0:00:00]} Rg4 {[%emt 0:00:00]} 56. Rh1 {[%emt 0:00:00]} Kc7 {[%emt 0:00:00]} 57. e5 {[%emt 0:00:00]} Kd7 {[%emt 0:00:00]} 58. Ra1 {[%emt 0:00:00]} Rxh4 {[%emt 0:00:00]} 59. Rxa6 {[%emt 0:00:00]} Rh1 {[%emt 0:00:00]} 60. Ra7+ {[%emt 0:00:00]} Ke8 {[%emt 0:00:00]} 61. Ke6 {[%emt 0:00:00]} Kf8 {[%emt 0:00:00]} 62. Ra8+ {[%emt 0:00:00]} Kg7 {[%emt 0:00:00]} 63. Ke7 {[%emt 0:00:00]} h4 {[%emt 0:00:00]} 64. e6 {[%emt 0:00:00]} h3 {[%emt 0:00:00]} 65. Ra3 {[%emt 0:00:00]} Kg6 {[%emt 0:01:30]} 66. Ke8 {[%emt 0:00:00] normal} 1/2-1/2